banner-ar

قصص عالمية للاطفال : الجرة العجيبة-اميرة النهر-جحا والحصان الغريب-الاخوه الثلاثة-الشجرة المسحورة-سر البساط الازرق-كاتيا-الاميرة والصياد-جزيرة السلام-الجميلة الصامتة / (Record no. 56834)

MARC details
000 -الفاتح
حقل البيانات ثابتة الطول 00915nam a2200217Ia 4500
008 - عناصر البيانات ثابتة الطول - معلومات عامة
حقل البيانات ثابتة الطول 140319s9999 xx 000 0 ara d
040 ## - مصدر الفهرسة
وكالة الفهرسة الأصلية GCL /
وكالة النسخ GCL
082 04 - رقم تصنيف ديوى العشرى
رقم التصنيف ط
رقم المادة 808.83
-- ا ق
100 1# - المدخل الرئيسى - إسم شخصى
الإسم الشخصى احمد نجيب
245 10 - بيان العنوان
العنوان قصص عالمية للاطفال : الجرة العجيبة-اميرة النهر-جحا والحصان الغريب-الاخوه الثلاثة-الشجرة المسحورة-سر البساط الازرق-كاتيا-الاميرة والصياد-جزيرة السلام-الجميلة الصامتة /
بيان المسئوليه,etc احمد نجيب
250 ## - بيان الطبعة
بيان الطبعة الاولى
300 ## - الوصف المادى
التعداد متعدد ؛
أبعاد الوعاء 30 سم
490 ## - بيان السلسلة
عنوان السلسلة قصص عالمية للاطفال
رقم المجلد/ التعيين التسلسلي 0
650 04 - المدخل الاضافى بالموضوع-مصطلح موضوعى
مصطلح موضوعي الاطفال
650 04 - المدخل الاضافى بالموضوع-مصطلح موضوعى
مصطلح موضوعي القصص
650 04 - المدخل الاضافى بالموضوع-مصطلح موضوعى
مصطلح موضوعي القصة القصيرة
650 04 - المدخل الاضافى بالموضوع-مصطلح موضوعى
مصطلح موضوعي قصص الاطفال
942 ## - عناصر المدخل الإضافي( كوها)
مصدر التصنيف او مخطط الترفيف Dewey Decimal Classification
Koha [default] item type كتاب
260 ## - PUBLICATION, DISTRIBUTION, ETC. (IMPRINT)
-- القاهرة :
-- دار الكتاب المصرى
Holdings
حالة التراجع حالة الفقد حالة تلف ليس للاعارة المكان المؤقت الموقع الحالى تاريخ الاكتساب اجمالي اﻻعارات رقم الطلب الباركود تاريخ اخر مشاهدة تاريخ تفعيل السعر نوع وعاء كوها
        مكتبة القاهرة الكبرى مكتبة القاهرة الكبرى 03/26/2014   ط\808.83\ا ق 139011 03/26/2014 03/26/2014 كتاب
        مكتبة القاهرة الكبرى مكتبة القاهرة الكبرى 03/26/2014   ط\808.83\ا ق 139012 03/26/2014 03/26/2014 كتاب
        مكتبة القاهرة الكبرى مكتبة القاهرة الكبرى 03/26/2014   ط\808.83\ا ق 139013 03/26/2014 03/26/2014 كتاب
        مكتبة القاهرة الكبرى مكتبة القاهرة الكبرى 03/26/2014   ط\808.83\ا ق 139014 03/26/2014 03/26/2014 كتاب
        مكتبة القاهرة الكبرى مكتبة القاهرة الكبرى 03/26/2014   ط\808.83\ا ق 139015 03/26/2014 03/26/2014 كتاب
        مكتبة القاهرة الكبرى مكتبة القاهرة الكبرى 03/26/2014   ط\808.83\ا ق 139016 03/26/2014 03/26/2014 كتاب

Powered By

EGPV